Football players who have played for Chelsea and Arsenal - Statistics

General Stats
  • This quiz has been taken 2,894 times
    328 since last reset
  • The average score is 11 of 32
Answer Stats
Years at Chelsea Years at Arsenal Player % Correct
2020-2023 2023-present Kai Havertz
90%
2023-2025 2025-present Noni Madueke
83%
2006-2014 1999-2006 Ashley Cole
79%
2004-2015 2015-2019 Petr Čech
79%
2022-2026 2024-2025 (loan) Raheem Sterling
78%
2014-2019 2003-2011 Cesc Fabregas
73%
2011-2014,2016-2019 2019-2021 David Luiz
72%
2018-2025 2025-present Kepa Arrizabalaga
70%
2018-2023 2023-2025 Jorginho
69%
2013-2020 2020-2021 Willian
67%
2018-2021 2012-2018 Olivier Giroud
64%
2008-2012 1997-1999 Nicolas Anelka
60%
2001-2006 2006-2010 William Gallas
59%
2022-2023 2018-2022 Pierre-Emerick Aubameyang
51%
2001-2004 1997-2000 Emmanuel Petit
34%
2010-2013 2011-2012 (loan) Yossi Benayoun
30%
2005-2007 2007-2008 Lassana Diarra
21%
1994-1998 1984-1992 David Rocastle
9%
1964-1966 1966-1972 George Graham
7%
1963-1975,1983-1984 1979-1983 John Hollins
6%
1995 1975-1988 Graham Rix
5%
1966-1974 1964-1966 Tommy Baldwin
4%
1968-1974,1983-1984 1976-1978 Alan Hudson
3%
1979-1988 1990-1993 Colin Pates
3%
1988-1991 1981-1983 Peter Nicholas
2%
1961-1969 1959-1961 Allan Young
1%
1947-1953 1953-1956 Bill Dickson
1%
1925-1928 1921-1924 Bob Turnbull
1%
1912-1915 1905-1908 Jimmy Sharp
1%
1913-1914 1896-1897 Sandy MacFarlane
1%
1961-1962 1958-1961 Tommy Docherty
1%
1945-1947 1953-1955 Tommy Lawton
1%
No matching quizzes found
Score Distribution
Percent of People with Each Score
Percentile by Number Answered
Your Score History
You have not taken this quiz since the last reset